100 People - Statistics

General Stats
  • This quiz has been taken 579 times
    560 since last reset
  • The average score is 55 of 100
Answer Stats
Clue Person % Correct
World's most famous playwright William Shakespeare
94%
Discovered gravity Isaac Newton
90%
Sistine Chapel painter Michelangelo
90%
First man on the Moon Neil Armstrong
90%
The King of Pop Michael Jackson
89%
Civil rights leader who had a dream Martin Luther King Jr.
88%
The King of Rock and Roll Elvis Presley
87%
Cuban dictator Fidel Castro
85%
Theory of Relativity Albert Einstein
83%
Drummer for the Beatles Ringo Starr
83%
Most famous CEO of Apple Steve Jobs
83%
Hannah Montana actress Miley Cyrus
82%
The Dark Knight Batman
81%
Former lead singer for Queen Freddie Mercury
81%
Creator of the Soviet Union Vladimir Lenin
80%
Famous silent film star Charlie Chaplin
79%
Luke & Leia's father Darth Vader
79%
Bart, Lisa, and Maggie's mom Marge Simpson
79%
Rocky portrayer Sylvester Stallone
78%
Jamaican sprinter Usain Bolt
77%
The Material Girl Madonna
76%
Umbrella-flying nanny Mary Poppins
76%
All time leading Brazilian goalscorer Pele
75%
Richest black American woman Oprah Winfrey
73%
Frontman for The Rolling Stones Mick Jagger
72%
Diminutive French emperor Napoleon Bonaparte
72%
Tom Sawyer and Huck Finn Mark Twain
71%
Fiddled while Rome burned Nero
71%
"Et tu Brute?" Julius Caesar
70%
Spider Man's alter ego Peter Parker
70%
Son of William and Kate Prince George
69%
Painter of melting clocks Salvador Dali
69%
Toy Story Space Ranger Buzz Lightyear
68%
Yabba dabba doo! Fred Flintstone
68%
Marched elephants over the Alps Hannibal
68%
Grandson of Genghis Kublai Khan
68%
Lincoln's assassin John Wilkes Booth
67%
The Queen of Soul Aretha Franklin
64%
Great Tsaritsa of Russia Catherine the Great
64%
Stoker's most famous creation Dracula
64%
President of North Vietnam Ho Chi Minh
63%
"The Maid of Orléans" Joan of Arc
63%
Siddhārtha Gautama Buddha
62%
Woodstock guitar god Jimi Hendrix
62%
Captain...of...the Enterprise Captain James Kirk
61%
Discoverer of Hawaii James Cook
61%
Blue-eyed leader of The Rat Pack Frank Sinatra
60%
Nephew of Bilbo Frodo Baggins
59%
Gangnam Style Psy
59%
Enter the Dragon Bruce Lee
58%
Director of Passion of the Christ Mel Gibson
58%
Swiss tennis player with 17 Major wins Roger Federer
58%
The Crocodile Hunter Steve Irwin
58%
First man in space Yuri Gagarin
58%
Blood, toil, tears, and sweat Winston Churchill
55%
The Desert Fox Erwin Rommel
54%
Fred Astaire's dance partner Ginger Rogers
54%
Flew The Spirit of St. Louis to Paris Charles Lindbergh
53%
Director of Million Dollar Baby Clint Eastwood
52%
The Godfather of Soul James Brown
51%
Renounced the Papacy in 2013 Pope Benedict XVI
50%
Parody singer of "Fat" and "Eat It" Weird Al Yankovic
50%
Maroon 5 frontman Adam Levine
48%
Founder of Standard Oil John D. Rockefeller
47%
First American Idol Kelly Clarkson
47%
Playboy's first centerfold Marilyn Monroe
44%
The Man of La Mancha Don Quixote
43%
Hunter of the White Whale Captain Ahab
42%
Wrestler who starred in Princess Bride Andre the Giant
41%
Tonight Show legend Johnny Carson
41%
"The Boy Who Lived" Harry Potter
40%
NHL's "The Great One" Wayne Gretzky
38%
Most famous sitar player Ravi Shankar
36%
Manchester United goalscorer Wayne Rooney
36%
His visions helped defeat Custer Sitting Bull
35%
Egyptian president & Nobel winner Anwar Sadat
34%
Author of Jurassic Park Michael Crichton
34%
Guided Hillary up Everest Tenzing Norgay
34%
Rosebud's owner Charles Foster Kane
32%
Australian country singer Keith Urban
30%
Nixon's VP who also resigned Spiro Agnew
30%
First black Supreme Court justice Thurgood Marshall
29%
Scored 100 points in a basketball game Wilt Chamberlain
29%
Treasure Island pirate cook Long John Silver
26%
Dallas Mavericks owner Mark Cuban
26%
Director of Seven Samurai Akira Kurosawa
24%
Drummer for The Who Keith Moon
24%
Most PGA Majors of all time Jack Nicklaus
23%
Rapper of Big Pimpin' Jay Z
22%
Writer of the Pentateuch Moses
22%
Hijacker who parachuted over Oregon D.B. Cooper
21%
Asterisk-less home run king Hank Aaron
21%
Former Host of American Top 40 Casey Kasem
20%
Guaranteed Super Bowl III win Joe Namath
19%
Father of Rocket Science Wernher von Braun
16%
The Oracle of Omaha Warren Buffett
15%
Original AFV Host Bob Saget
14%
First casualty of the Boston Massacre Crispus Attucks
14%
Host of "You Bet Your Life" Groucho Marx
12%
Disgraced Enron CEO Kenneth Lay
9%
No matching quizzes found
Score Distribution
Percent of People with Each Score
Percentile by Number Answered
Your Score History
You have not taken this quiz since the last reset